Score 0/74 Timer 08:00
0 Plays Today
Answer % Correct
in
100%
in
100%
In
100%
in
100%
I
100%
in
100%
A
85.7%
disorder
85.7%
a
85.7%
A
85.7%
a
85.7%
A
85.7%
A
85.7%
A
85.7%
a
85.7%
the
71.4%
dress
71.4%
wantonness;
71.4%
the
71.4%
An
71.4%
and
71.4%
the
71.4%
and
71.4%
to
71.4%
the
71.4%
Is
71.4%
sweet
57.1%
clothes
57.1%
lawn
57.1%
about
57.1%
shoulders
57.1%
thrown
57.1%
Into
57.1%
fine
57.1%
distraction;
57.1%
crimson
57.1%
stomacher;
57.1%
Answer % Correct
petticoat;
57.1%
careless
57.1%
shoe-string,
57.1%
whose
57.1%
tie
57.1%
see
57.1%
wild
57.1%
civility;
57.1%
Do
57.1%
more
57.1%
me,
57.1%
than
57.1%
when
57.1%
art
57.1%
too
57.1%
precise
57.1%
every
57.1%
part.
57.1%
Kindles
42.9%
lace,
42.9%
here
42.9%
there
42.9%
Enthrals
42.9%
cuff
42.9%
thereby
42.9%
Ribands
42.9%
flow
42.9%
wave,
42.9%
deserving
42.9%
note,
42.9%
tempestuous
42.9%
bewitch
42.9%
erring
28.6%
which
28.6%
neglectful,
28.6%
confusedly;
28.6%
winning
28.6%

You're not logged in!

Compare scores with friends on all Sporcle quizzes.
OR
Log In

Sporcle TV

Today on Sporcle TV


Watch our educational content, quiz creation guides, and fun videos on Sporcle TV.

Show Comments

Extras

Top Quizzes Today


Score Distribution

Paid Content

Your Account Isn't Verified!

In order to create a playlist on Sporcle, you need to verify the email address you used during registration. Go to your Sporcle Settings to finish the process.

Report this User

Report this user for behavior that violates our Community Guidelines.

Details: